LEADER 01974nam 2200529I 450 001 9910702485503321 005 20130128092013.0 035 $a(CKB)5470000002427310 035 $a(OCoLC)825550910 035 $a(EXLCZ)995470000002427310 100 $a20130128d2012 ua 0 101 0 $aeng 135 $aurmn||||||||| 181 $ctxt$2rdacontent 182 $cc$2rdamedia 183 $acr$2rdacarrier 200 10$aPerformance and weight estimates for an advanced open rotor engine /$fEric S. Hendricks and Michael T. Tong 210 1$aCleveland, Ohio :$cNational Aeronautics and Space Administration, Glenn Research Center,$d2012. 215 $a1 online resource (13 pages) $cillustrations (some color) 225 1 $aNASA/TM ;$v2012-217710 300 $aTitle from title screen (viewed on Jan. 14, 2013). 300 $a"September 2012." 300 $a"Prepared for the 48th Joint Propulsion Conference and Exhibit cosponsored by AIAA, ASME, SAE, and ASEE Atlanta, Georgia, July 30 to August 1, 2012." 300 $a"AIAA-2012-3911." 320 $aIncludes bibliographical references (page 13). 606 $aContrarotating propellers$2nasat 606 $aPerformance prediction$2nasat 606 $aFuel consumption$2nasat 606 $aTurbofans$2nasat 606 $aFixed wings$2nasat 606 $aMechanical drives$2nasat 615 7$aContrarotating propellers. 615 7$aPerformance prediction. 615 7$aFuel consumption. 615 7$aTurbofans. 615 7$aFixed wings. 615 7$aMechanical drives. 700 $aHendricks$b Eric S.$01402593 702 $aTong$b Michael T. 712 02$aNASA Glenn Research Center, 712 12$aJoint Propulsion Conference and Exhibit$d(48th :$f2012 :$eAtlanta, Ga.) 801 0$bGPO 801 1$bGPO 906 $aBOOK 912 $a9910702485503321 996 $aPerformance and weight estimates for an advanced open rotor engine$93504608 997 $aUNINA